Statistics for Οι 10 μεγαλύτερες χώρες της Ευρώπης

Click here to take the quiz!

General Stats

  • This quiz has been taken 367 times
  • The average score is 7 of 10

Answer Stats

ΘέσηΈκταση (τ.χλμ)Χώρα% Correct
1.3.960.000Ρωσία
99%
2.603.628Ουκρανία
84%
3.551.695Γαλλία
81%
4.505.990Ισπανία
77%
5.450.295Σουηδία
63%
7.357.022Γερμανία
60%
6.385.207Νορβηγία
59%
10.301.340Ιταλία
51%
9.312.696Πολωνία
49%
8.338.424Φινλανδία
46%

Score Distribution

Percentile by Number Answered

Percent of People with Each Score

Your Score History

You have not taken this quiz